000
00292nam a2200109Ia 4500
008
220120s9999||||xx |||||||||||||| ||und||
100
_a
Kararsik, Igor
_9
11656
245
0
_a
Pump hand book
260
_a
Mcgraw hill book company
_b
New Delhi
_c
1985
300
_b
0
650
_a
PROGRAMMING LANGUAGE
999
_c
136763
_d
136763